000 00496nam a22001812 4500
001 0000009719
005 20151217155218.0
008 081123s xx 000 0 eng d
040 _aKABU
_cKABU
100 1 _aHall, A. Vine.
_@0000161473
245 1 0 _aRound the camp fire in East Africa /
_cA. Vine Hall.
250 _a6th ed.
260 _aLondon :
_bLongmans,
_c1931.
300 _a65 p.
852 1 _9p200 KES
908 _a081123
950 _@1
999 _c12034
_d12034